000 00893nam a2200265 i 4500
001 20891
003 ES-MaACL
005 20250816062544.0
007 t|
008 021119s1980 sp ||||1| spa d
100 1 _aAdorno, Theodor W.
_918468
245 1 0 _aTeoría estética /
_cTheodor W. Adorno ; versión de Fernando Riaza ; revisada por Francisco Pérez Gutiérrez ; [edición a cargo de Gretel Adorno y Rolf Tiedermann.
260 _a[Madrid] :
_bTaurus,
_c[1980]
300 _a480 p. ;
_c21 cm.
490 1 _aEnsayistas
650 7 _aEstética
_2embne
_9142387
700 1 _aRiaza, Fernando.
_996689
700 1 _aPérez Gutiérrez, Francisco.
_990927
700 1 _aAdorno, Gretel.
_918467
700 1 _aTiedermann, Rolf.
_9110228
830 0 _aEnsayistas
_9177257
852 _aES-MaACL
_jC-48803
_bR.100641
852 _aES-MaACL
_jL-456
_bR.101019
999 _c20891
_d20891